Co trzeba wybrać lub zarezerwować, organizując ślub z weselem? - Statystyki

Ogólne statystyki
  • Ten quiz został rozwiązany 40 razy
  • Średni wynik to 5 z 11
Statystyki odpowiedzi
Odpowiedź % Poprawnych
kościół
89%
salę
79%
orkiestrę | zespół
64%
garnitur
46%
samochód
43%
suknię
43%
fotografa
36%
kamerzystę
29%
zaproszenia
29%
świadków
25%
urząd
4%
Nie znaleziono quizów pasujących do podanych kryteriów
Rozkład punktacji
Procent ludzi z każdym wynikiem
Percentyl według liczby udzielonych odpowiedzi
Twoja historia wyników
Nie rozwiązałeś tego quizu